| 000 | 00764cam a2200277 4500 | ||
|---|---|---|---|
| 001 | J3752 | ||
| 008 | 090401t1996 xxu||||| |||| 00| 0 eng d | ||
| 035 | _a(Sirsi) u56828 | ||
| 041 | _aeng | ||
| 050 | _a332.6324 | ||
| 110 |
_aHillier Parker Research _92002 |
||
| 245 | _aProperty market values - February & June 1996 | ||
| 260 |
_aLondon _bHillier Parker _c1996 |
||
| 300 | _a2 pts. ; 30cm. | ||
| 350 | _a0 | ||
| 650 | _aCAPITAL VALUES | ||
| 650 | _aINDUSTRIAL PROPERTY | ||
| 650 | _aOFFICES | ||
| 650 | _aPROPERTY MARKET INDICATORS | ||
| 650 | _aPROPERTY MARKET VALUES | ||
| 650 | _aRATES OF RETURN | ||
| 650 | _aSHOPS | ||
| 690 | _aPROPERTY-COMMERCIAL PROPERTY-COMMERCIAL PROPERTY FINANCE AND INVESTMENT | ||
| 942 | _n0 | ||
| 948 | _c04/03/1997 | ||
| 999 |
_c93833 _d93833 |
||